Encyclopedia of social network analysis and mining / (Record no. 600142)

000 -LEADER
fixed length control field 00301nam a2200109Ia 4500
008 - FIXED-LENGTH DATA ELEMENTS--GENERAL INFORMATION
fixed length control field 230907s9999||||xx |||||||||||||| ||und||
082 ## - DEWEY DECIMAL CLASSIFICATION NUMBER
Classification number 6.312
Author Mark ENC
100 ## - MAIN ENTRY--PERSONAL NAME
Personal name Alhajj, Reda.
9 (RLIN) 115917
245 #0 - TITLE STATEMENT
Title Encyclopedia of social network analysis and mining /
300 ## - PHYSICAL DESCRIPTION
Extent 4 v. ; various pages.
942 ## - ADDED ENTRY ELEMENTS (KOHA)
Koha item type Book
Holdings
Withdrawn status Lost status Damaged status Not for loan Permanent Location Current Location Date acquired Total Checkouts Full call number Barcode Date last seen Price effective from Koha item type
        US-Pakistan Center for Advanced Studies in Energy (USPCAS-E) US-Pakistan Center for Advanced Studies in Energy (USPCAS-E) 10/28/2019   006.312 ENC CAS-E0004241 09/12/2023 09/12/2023 Book
© 2023 Central Library, National University of Sciences and Technology. All Rights Reserved.